La Constitución de Cádiz de 1812 (Record no. 88036)

MARC details
000 -LEADER
campo de control de longitud fija 00715nam a2200193 i 4500
001 - NÚMERO DE CONTROL
campo de control 88036
003 - IDENTIFICADOR DE NÚMERO DE CONTROL
campo de control ES-MaACL
005 - FECHA Y HORA DE LA ÚLTIMA TRANSACCIÓN
campo de control 20231227062549.0
007 - CAMPO FIJO DE DESCRIPCIÓN FÍSICA--INFORMACIÓN GENERAL
campo de control de longitud fija t|
008 - DATOS DE LONGITUD FIJA--INFORMACIÓN GENERAL
campo de control de longitud fija 050103s1907 sp |||| | spa d
100 1# - ENTRADA PRINCIPAL--NOMBRE DE PERSONA
Nombre de persona Labra, Rafael M. de,
Fechas asociadas al nombre 1840-1918
9 (RLIN) 69273
245 13 - MENCIÓN DEL TÍTULO
Título La Constitución de Cádiz de 1812
Resto del título : declaraciones, instituciones, garantías, desenvolvimientos : conferencias dadas en el Fomentode las Artes de Madrid /
Mención de responsabilidad, etc. Rafael M. de Labra.
260 ## - PUBLICACIÓN, DISTRIBUCIÓN, ETC.
Lugar de publicación, distribución, etc. Madrid :
Nombre del editor, distribuidor, etc. [s.n.],
Fecha de publicación, distribución, etc. 1907 (
Fabricante Tip. de Alfredo Alonso)
300 ## - DESCRIPCIÓN FÍSICA
Extensión 80 p. ;
Dimensiones 16 cm.
610 1# - PUNTO DE ACCESO ADICIONAL DE MATERIA--NOMBRE DE ENTIDAD CORPORATIVA
Nombre de entidad corporativa o nombre de jurisdicción como elemento de entrada España.
Título de la obra Constitución, 1812.
9 (RLIN) 3652
852 ## - LOCALIZACIÓN
Ubicación ES-MaACL
Número de control de estantería R-3135
Encuadernación Olim:D-4931
852 ## - LOCALIZACIÓN
Ubicación ES-MaACL
Número de control de estantería T-1206-F-5
Holdings
Estatus retirado Estado de pérdida Estado de daño No para préstamo Colección Biblioteca de origen Biblioteca actual Ubicación en estantería Fecha de adquisición Fuente de adquisición Total de préstamos Signatura topográfica completa Código de barras Visto por última vez Precio de reemplazo Tipo de ítem Koha
        Colección de folletos Biblioteca del Ateneo de Madrid Biblioteca del Ateneo de Madrid Depósito folletos 17/01/2008     T-1206-F-5 1091962 23/02/2023 23/02/2023 Folleto
          Biblioteca del Ateneo de Madrid Biblioteca del Ateneo de Madrid Depósito 17/01/2008     R-3135 1091961 23/02/2023 23/02/2023 Libro impreso